Country by Political Party - Statistics

General Stats
  • This quiz has been taken 1,031 times
  • The average score is 9 of 15
Answer Stats
Party Country % Correct
La République En Marche France
99%
Bloc Québécois Canada
86%
Swedish People's Party (SFP) Finland
83%
Bharatiya Janata Party (BJP) India
77%
Likud Israel
71%
Plaid Cymru United Kingdom
71%
Fianna Fáil Ireland
70%
Justicialist (Peronist) Party Argentina
68%
Kuomingtang Taiwan
63%
Lega Nord Italy
60%
Fidesz Hungary
58%
Democraten 66 (D66) Netherlands
54%
Servant of the People Ukraine
25%
Economic Freedom Fighters South Africa
23%
Ennahda Movement Tunisia
14%
No matching quizzes found
Score Distribution
Percent of People with Each Score
Percentile by Number Answered
Your Score History
You have not taken this quiz